000 01936nam a2200505Ii 4500
001 DIGBCACC0142
003 NyNyDIG
006 m o d
007 cr |||||||||||
008 170104s2014 mx a jo 000 0 eng d
020 _a6078187732
_q(eBook)
020 _a9786078187737
_q(eBook)
020 _z6078187716
020 _z9786078187713
035 _a(OCoLC)967752956
040 _aDGITA
_beng
_erda
_epn
_cDGITA
041 1 _aeng
_hspa
043 _an-mx---
050 1 4 _aPQ7298.423.E425 ebook
082 0 4 _a398.20972
100 1 _aMelgar Hernández, Juan Carlos,
_eauthor.
240 1 0 _aCoatlicue.
_lEnglish
245 1 0 _aCoatlicue :
_bmother of the sun, the moon and the stars /
_cJuan Carlos Melgar Hernández and Sharon Barcs.
264 1 _aMéxico, D. F. :
_bFCAS :
_bCacciani, S.A. de C.V.,
_c2014.
300 _a1 online resource :
_bcolor illustrations.
336 _astill image
_bsti
_2rdacontent
336 _atext
_btxt
_2rdacontent
337 _acomputer
_bc
_2rdamedia
338 _aonline resource
_bcr
_2rdacarrier
490 1 _aColección Axolotl ;
_vvolume 2
588 0 _aOnline resource; title from PDF title page (Digitalia, viewed January 5, 2017)
600 0 0 _aCoatlicue
_c(Aztec deity)
_vJuvenile literature.
650 0 _aAztec mythology
_vJuvenile literature.
650 0 _aAztecs
_vFolklore.
651 0 _aMexico
_vFolklore.
655 0 _aElectronic books.
700 1 _aBarcs, Sharon,
_eillustrator.
776 0 8 _iPrint edition:
_aMelgar Hernández, Juan Carlos.
_tCoatlicue
_sCoatlicue. English.
_dMéxico, D. F. : FCAS : Cacciani, 2014.
_z9786078187713
791 2 _aDigitalia (Firm),
_edistributor.
793 0 _gDigitalia eBook Collection:
_aEditorial Cacciani.
830 0 _aColección Axolotl (Distrito Federal, Mexico) ;
_vt. 2.
856 4 0 _3Digitalia Hispánica
_uhttps://www.digitaliapublishing.com/a/42394/
910 _aPremium collection: 2017
942 _cRAA
999 _c247243
_d247243